000 00915nam a2200277 a 4500
001 000010496
003 DO-SdBNP
005 20180219082451.0
007 000010496
008 091007s2004 dr 001 p spa d
020 _a9993478075
040 _aBPMSU
_bspa
_cBPMSU
082 4 _aRD861.44
_bM586v
100 1 _aMestre Sánchez, Carmen Isabel
245 1 0 _aVersos al viento /
_cCarmen Isabel Mestre ; prólogo Julio De Windt Pichardo.
260 _aSanto Domingo, :
_bSoto Castillo,
_c2004.
300 _a117 p. ;
_c22 cm.
500 _aIncluye datos biográficos de la autora en la solapa de la contracubierta
650 4 _aPOESÍA DOMINICANA
650 4 _aLITERATURA DOMINICANA
700 1 _aDe Windt Pichardo, Julio.
_epról.
910 _aValidado. Control de calidad MFF
942 _2ddc
_cBK
945 _aTítulo remanejado para BNPHU / 2017 VM
956 _aVMATEO
_b10
_c20150508
_lBPMSU
_h00151
999 _c7819
_d7819